Compensation under the 1954 Act (Record no. 22091)

MARC details
000 -LEADER
fixed length control field 00898cab a2200193 4500
001 - CONTROL NUMBER
control field ABS41862
008 - FIXED-LENGTH DATA ELEMENTS--GENERAL INFORMATION
fixed length control field 090401t1989 xxu||||| |||| 00| 0 eng d
035 ## - SYSTEM CONTROL NUMBER
System control number (Sirsi) u33051
041 ## - LANGUAGE CODE
Language code of text/sound track or separate title eng
245 ## - TITLE STATEMENT
Title Compensation under the 1954 Act
260 ## - PUBLICATION, DISTRIBUTION, ETC.
Date of publication, distribution, etc. 1989
350 ## - PRICE (NR) (BK AM CF MU VM SE) [OBSOLETE]
Price 0
490 ## - SERIES STATEMENT
Series statement New Law Journal
Volume/sequential designation 139(6434) 1 December 1989,1631-1632(2)
520 ## - SUMMARY, ETC.
Summary, etc. Considers the effect that the new rating valuation lists will have on the compensation to which a business tenant is entitled to under Landlord and Tenant Act 1954 s57 when he fails to obtain a new tenancy . The new and higher rating valuation s will dramatically increase unless the multipliers are reduced. Landlords should consider carefully whether to serve a s25 notice before or after 1 April 1990.
650 ## - SUBJECT ADDED ENTRY--TOPICAL TERM
Topical term or geographic name entry element APPROPRIATE MULTIPLER
690 ## - LOCAL SUBJECT ADDED ENTRY--TOPICAL TERM (OCLC, RLIN)
Topical term or geographic name as entry element LANDLORD AND TENANT-BUSINESS TENANCIES
942 ## - ADDED ENTRY ELEMENTS (KOHA)
Suppress in OPAC 0
948 ## - LOCAL PROCESSING INFORMATION (OCLC); SERIES PART DESIGNATOR (RLIN)
c (OCLC) 04/03/1997
Holdings
Withdrawn status Lost status Source of classification or shelving scheme Damaged status Not for loan Home library Current library Shelving location Date acquired Total Checkouts Full call number Barcode Date last seen Copy number Price effective from Koha item type
    Dewey Decimal Classification     London London Journal article 14/09/1999   ABS41862 33051-1001 06/08/2019 1 06/08/2019 Journal article